00353nam a22001337a 4500008004100000020001800041041000900059082001700068100001800085245003500103260004800138300001500186650001800201240320b |||||||| |||| 00| 0 eng d a9781407515946 aEng. a598.9bF292b aFrost,Paul D. aBirds of preyc/ Paul D. Frost aNew York:bparragon publishing books,c2006 a256p.:ill. aBirds of prey